000 01165nas a2200241 i 4500
001 172582
003 ES-MaACL
005 20251003181046.0
007 t|
008 090722c1875 sp a| | 1 ||pa d
080 _a3 : 061.12(460)
110 2 _aReal Academia de Ciencias Morales y Políticas (España)
_9222050
245 1 0 _aMemorias de la Real Academia de Ciencias Morales y Políticas
_g1875.
260 _aMadrid :
_b[s. n.],
_c1875 (
_fImprenta de Fermín Martínez García)
300 _a1 v. ;
_c26 cm.
505 8 0 _aContiene: T. III: Noticia histórica de la Academia, leída el 29 de junio de 1871 / Pedro Gómez de la Serna (20 p.). Del derecho del estado para castigar / Fernando Calderón Collantes (p. 21-48). De la gracia de indulto / Santiago Diego Madrazo (p. 49-174). Estudios sobre filosofía del derecho / Manuel Alonso Martínez (p. 175-943).
700 1 _aGómez de la Serna, Pedro.
_957900
700 1 _aMadrazo, Santiago Diego.
_975341
700 1 _aAlonso Martínez, Manuel,
_d1827-1891
_920356
700 0 _aCalderón y Collantes, Fernando,
_cMarqués de Reinosa
_933632
852 _aES-MaACL
_jK-173
999 _c172582
_d172582